<?xml version="1.0" encoding="UTF-8"?>
<record
    xmlns:xsi="http://www.w3.org/2001/XMLSchema-instance"
    xsi:schemaLocation="http://www.loc.gov/MARC21/slim http://www.loc.gov/standards/marcxml/schema/MARC21slim.xsd"
    xmlns="http://www.loc.gov/MARC21/slim">

  <leader>00458nam a2200169   4500</leader>
  <controlfield tag="001">42708</controlfield>
  <datafield tag="090" ind1=" " ind2=" ">
    <subfield code="a">42708</subfield>
  </datafield>
  <datafield tag="100" ind1=" " ind2=" ">
    <subfield code="a">20240220              pory50       </subfield>
  </datafield>
  <datafield tag="101" ind1=" " ind2=" ">
    <subfield code="a">ale</subfield>
  </datafield>
  <datafield tag="101" ind1=" " ind2=" ">
    <subfield code="a">por</subfield>
  </datafield>
  <datafield tag="102" ind1=" " ind2=" ">
    <subfield code="a">AL</subfield>
  </datafield>
  <datafield tag="200" ind1=" " ind2=" ">
    <subfield code="a">Langenscheidt Dicion&#xE1;rio de bolso</subfield>
    <subfield code="e">das L&#xED;nguas Portuguesa e Alem&#xE3;</subfield>
    <subfield code="e">T 1. : Portugu&#xEA;s - Alem&#xE3;o</subfield>
    <subfield code="f">Friedrich Irmen</subfield>
  </datafield>
  <datafield tag="210" ind1=" " ind2=" ">
    <subfield code="a">Berlim</subfield>
    <subfield code="c">Langenscheidt</subfield>
    <subfield code="d">1982</subfield>
  </datafield>
  <datafield tag="215" ind1=" " ind2=" ">
    <subfield code="a">1246 , [2] p, 2 cols</subfield>
  </datafield>
  <datafield tag="675" ind1=" " ind2=" ">
    <subfield code="a">(038)</subfield>
  </datafield>
  <datafield tag="801" ind1=" " ind2=" ">
    <subfield code="a">PT</subfield>
    <subfield code="g">RPC</subfield>
  </datafield>
  <datafield tag="990" ind1=" " ind2=" ">
    <subfield code="c">LIVROS</subfield>
  </datafield>
  <datafield tag="995" ind1=" " ind2=" ">
    <subfield code="1">0</subfield>
    <subfield code="9">67533</subfield>
    <subfield code="b">BAVR</subfield>
    <subfield code="c">BAVR</subfield>
    <subfield code="f">55969</subfield>
    <subfield code="k">038 AA.VV. DIC. LING. ALEM&#xC3;</subfield>
    <subfield code="o">0</subfield>
    <subfield code="r">LIVROS</subfield>
  </datafield>
  <datafield tag="995" ind1=" " ind2=" ">
    <subfield code="1">0</subfield>
    <subfield code="9">67534</subfield>
    <subfield code="b">BAVR</subfield>
    <subfield code="c">BAVR</subfield>
    <subfield code="f">55970</subfield>
    <subfield code="k">038 IRM DIC. POR. ALE. POR </subfield>
    <subfield code="o">0</subfield>
    <subfield code="r">LIVROS</subfield>
  </datafield>
</record>
